000 00379cam a2200133 4500
082 _a297.127
_bNIZ
100 1 _aJung, Nizamat,
_937355
245 1 3 _aAn approach to the study of the Qur'an,
_cby Sir Nizamat Jung.
260 _aLahore,
_bMuhammad Ashraf
_c[1947]
300 _a76 p.
_c22 cm.
526 _a0
_b0
_c0
_d297_127000000000000_NIZ
650 _aMCE
_9379
942 _2ddc
_cBK
999 _c542237
_d542237